Art Material Quiz Stats

 Plays Quiz Updated Oct 26, 2017

Score 0/20 Timer 05:00
7 Plays Today
% Correct
Spray paint
96.2%
Paint roller
95.9%
Mannequin
95.4%
Paintbrush
95.1%
Rubber or Eraser
95%
Crepe-paper
94.7%
Frame
94.6%
Charcoal
94.4%
Tube of paint
94.3%
Painting knife
94.2%
% Correct
Pencil
93.3%
Palette
93.3%
Pastel Box
93.2%
Slim felt-tip marker
90.2%
Easel
89.4%
Watercolor palette box
89.1%
Chalk
88.9%
Turpentine
88.1%
Canvas
87.9%
Stump
85.2%

You're not logged in!

Compare scores with friends on all Sporcle quizzes.
OR
Log In

You Might Also Like...

Show Comments

Extras

Top Quizzes Today


Score Distribution

Your Account Isn't Verified!

In order to create a playlist on Sporcle, you need to verify the email address you used during registration. Go to your Sporcle Settings to finish the process.

Report this User

Report this user for behavior that violates our Community Guidelines.

Details: